000 00524cam a2200205ua 4500
001 107
008 110318n ii |||gr||||Z||||||eng
020 _a81-7884-057-X
040 _cMAIN
082 _a005
245 _aJava object oriented programming.
_cBy Er. V.K. Jain.
250 _a1st.
260 _aNew Delhi.:
_bCyber tech.,
_c2002.
300 _axviii, 844 p.:
_bill.;
_c20 cm.
653 _aComputer Science.
653 _aJava.
653 _aObject oriented programming.
700 1 _aJain, Er. V.K.,
942 _cBK
999 _c97
_d97